| 000 | 00326 a2200133 4500 | ||
|---|---|---|---|
| 999 |
_c324943 _d324943 |
||
| 001 | 89870 | ||
| 003 | NUST | ||
| 082 | _a813.54 SHE | ||
| 100 |
_aSheldon Sidney _9931 |
||
| 245 |
_aThe Best Laind Plans _hEnglish |
||
| 260 |
_aIndia _bHarper Collins Publisher _c2012 |
||
| 300 | _a343p. | ||
| 500 | _aGeneral Books | ||
| 942 |
_aCAE NUST _cBK _k813.54 SHE _2ddc |
||